• 首页
  • 本馆介绍
  • 公告通知
  • 最新文献
  • 馆藏检索
  • 电子资源
  • 读者导购
  • 参考咨询
  • 我的图书馆
  • 登录
  • 详细信息显示
  • 放入我的书架
  • 预约/预借图书
  • 作者相关作品
  • 分类相关作品
  • 丛书相关作品
  • 出版社相关作品

书目信息

  • 表格格式
  • 工作单格式
  • 卡片格式
题名:
房屋建筑学
    
 
作者: 钱坤 , 吴歌 主编
分册: 下   工业建筑
出版信息: 北京   北京大学出版社  2009.08
页数: 250页
开本: 26cm
丛书名:
单 册:
中图分类: TU22 , TU27
科图分类:
主题词: 房屋建筑学--高等学校--教材 , 工业建筑--高等学校--教材 , 房屋建筑学 , 工业建筑
电子资源:
ISBN: 978-7-301-15646-9
000 00977nam0 2200301 450
001 010010010696
005 20091208161602.00
010    @a978-7-301-15646-9@dCNY26.00
100    @a20090910d2009 em y0chiy0110 ea
101 0  @achi
102    @aCN@b110000
105    @aak z 000yy
106    @ar
200 1  @a房屋建筑学@9fang wu jian zhu xue@h下@i工业建筑@f钱坤,吴歌主编
210    @a北京@c北京大学出版社@d2009.08
215    @a250页@c图@d26cm
300    @a21世纪全国本科院校土木建筑创新型应用人才培养规划教材
330    @a本书着重阐述工业建筑设计与建筑构造的基本原理和应用知识,工业构造部分讲述了装配式钢筋混凝土结构厂房及钢结构厂房两种构造组成。
606 0  @a房屋建筑学@x高等学校@j教材
606 0  @a工业建筑@x高等学校@j教材
606 0  @a房屋建筑学
606 0  @a工业建筑
690    @aTU22@v4
690    @aTU27@v4
701  0 @a钱坤@9qian kun@4主编
701  0 @a吴歌@9wu ge@4主编
801  0 @aCN@bRENTIAN@c20091208
905    @b20794835-40@dTU22@e478:2@f6
    
    房屋建筑学.下.工业建筑/钱坤,吴歌主编.-北京:北京大学出版社,2009.08
    250页:图;26cm
    21世纪全国本科院校土木建筑创新型应用人才培养规划教材
    
    ISBN 978-7-301-15646-9:CNY26.00
    本书着重阐述工业建筑设计与建筑构造的基本原理和应用知识,工业构造部分讲述了装配式钢筋混凝土结构厂房及钢结构厂房两种构造组成。
●
相关链接 在E读中查询图书 在五车中查询图书 在当当中查询图书 在豆瓣中查询图书


正题名:房屋建筑学     索取号:TU22/478:2         预约/预借

序号 登录号 条形码 馆藏地/架位号 状态 备注
1 794835   207948355   第二样本阅览室/ [索取号:TU22/478:2] 在馆    
2 794836   207948364   第三借阅区/ [索取号:TU22/478:2] 在馆    
3 794837   207948373   第三借阅区/ [索取号:TU22/478:2] 在馆    
4 794838   207948382   第三借阅区/ [索取号:TU22/478:2] 在馆    
5 794839   207948391   第三借阅区/ [索取号:TU22/478:2] 在馆    
6 794840   207948408   资源管理系资料室/ [索取号:TU22/478:2] 在馆    
唐山师范学院图书馆 欢迎您!
大连网信软件有限公司© 版权所有